ბათუმის შოთა რუსთაველის სახელმწიფო უნივერსიტეტის ბიბლიოთეკა

ილია ჭავჭავაძე და საქართველოს ეთნოგრაფია / (ბიბ.ჩანაწერი № 62336)

000 -ლიდერი
ფიქსირებული სიგრძის საკონტროლო ველი 01328nam a22002417a 4500
003 - საკონტროლო ნომრის იდენტიფიკატორი
საკონტროლო ველი Ge_BSU
005 - ბოლო ოპერაციის თარიღი და დრო
საკონტროლო ველი 20241008101053.0
008 - ფიქსირებული სიგრძის მონაცემთა ელემენტები - ზოგადი ინფორმაცია
ფიქსირებული სიგრძის საკონტროლო ველი 241008s1963 ge ||||| |||| 00| 0 geo d
041 ## - ენის კოდი
Language code of text/sound track or separate title geo
080 ## - უნივერსალური ათობითი კლასიფიკაციის ინდექსი
Universal Decimal Classification number 821.353.1(092ჭავჭავაძე, ი.) 39(=353.1) ი-40
100 ## - მთავარი ჩანაწერი - პიროვნების სახელი
Personal name ითონიშვილი, ვალერიან
9 (RLIN) 4614
245 ## - ცნობა სათაურის შესახებ
Title ილია ჭავჭავაძე და საქართველოს ეთნოგრაფია /
Statement of responsibility, etc ვ. ითონიშვილი; [რედ.: დ. ბენაშვილი]; საქ. სსრ მეცნ. აკადემია.
264 ## - წარმოების, გამოცემის, დისტრიბუციის და სხვა ცნობები
გამოცემის, წარმოების, დისტრიბუციის... ადგილი თბილისი :
გამოცემის, წარმოების, დისტრიბუციის... სახელწოდება საქ. სსრ მეცნ. აკად. გამ-ბა,
გამოცემის, წარმოების, დისტრიბუციის... თარიღი 1963.
300 ## - ფიზიკური აღწერა
Extent 130 გვ. ;
Other physical details 21 სმ.
490 ## - სერიის ცნობა
Series statement მეცნიერულ-პოპულარული სერია
504 ## - BIBLIOGRAPHY, ETC. NOTE
Bibliography, etc ბიბლიოგრ. შენიშვნებში.
653 ## - INDEX TERM--UNCONTROLLED
Uncontrolled term ჭავჭავაძე, ილია
653 ## - INDEX TERM--UNCONTROLLED
Uncontrolled term ქართველების ეთნოგრაფია
700 ## - ADDED ENTRY--PERSONAL NAME
Personal name ბენაშვილი, დ.
Relator term რედაქტორი
9 (RLIN) 4319
710 ## - ADDED ENTRY--CORPORATE NAME
Corporate name or jurisdiction name as entry element საქ. სსრ მეცნ. აკადემია
9 (RLIN) 23333
773 ## - HOST ITEM ENTRY
Title ნაჩუქარი
942 ## - ADDED ENTRY ELEMENTS (KOHA)
Source of classification or shelving scheme
Koha item type წიგნი
ეგზემპლარები
ჩამოწერის სტატუსი დაკარგული ეგზემპლარის სტატუსი კლასიფიკაციის წყარო ან თაროზე გაწყობის სქემა დაზიანების სტატუსი არ გაიცემა მუდმივი მდებარეობა (დაცვის ადგილი) ამჟამინდელი ადგილსამყოფელი თაროზე განთავსების ადგილი შეძენის თარიღი ღირებულება, შესყიდვის ნორმალური ფასი სრული შენახვის შიფრი შტრიხკოდი ბოლო ოპერაციის თარიღი ეგზემპლარის მიმდევრობითი ნომერი (კეტერი?) ფასის ძალაში შესვლის თარიღი ეგზემპლარის სახეობა საჯარო შენიშვნა
          ბათუმის შოთა რუსთაველის სახელმწიფო უნივერსიტეტის მთავარი ბიბლიოთეკა ბათუმის შოთა რუსთაველის სახელმწიფო უნივერსიტეტის მთავარი ბიბლიოთეკა წიგნსაცავი 2024-10-08 5.00 821.353.1(092ჭავჭავაძე, ი.) 39(=353.1) ი-40 69157 2024-10-08 69157 2024-10-08 წიგნი 5 ლ.